| 000 | 00816nam a22002057a 4500 | ||
|---|---|---|---|
| 999 |
_c7857 _d7857 |
||
| 003 | AR-CdUCM | ||
| 008 | 190321b ||||| |||| 00| 0 spa d | ||
| 040 |
_aMUNICIPALIDAD PROVINCIAL DEL CUSCO _cBIBLIOTECA MUNICIPAL DEL CUSCO |
||
| 082 |
_a868.39 / _bV39 |
||
| 100 |
_aVega Carpio, Lope Félix de _911856 |
||
| 245 | _aFuente Ovejuna ; Peribáñez y el Comendador de Ocaña ; El mejor alcalde, El rey / | ||
| 260 |
_aBuenos Aires : _bLosada, _c1942. |
||
| 300 |
_a262 páginas ; _c18 cm. |
||
| 440 |
_aLas cien obras maestras de la literatura y del pensamiento universal. _n6 _922221 |
||
| 505 | _aContenido : Fuente Ovejuna -- Peribáñez y el Comendador de Ocaña -- El mejor alcalde, El rey. | ||
| 650 |
_aTeatro español _9648 |
||
| 650 |
_aEdad de Oro, 1500-1700 _93058 |
||
| 942 |
_2ddc _cLIBROS |
||
| 945 | _azta | ||